| 000 | 00841nam a2200265 a 4500 | ||
|---|---|---|---|
| 001 | 1669 | ||
| 003 | BD-RjUL | ||
| 005 | 20211208233402.0 | ||
| 008 | 150419s2014 bg a b 001 0 eng | ||
| 020 | _a9789843374059 | ||
| 035 | _a(BD-RjUL) | ||
| 040 |
_aBD-RjUL _cBD-RjUL _beng |
||
| 041 | _aeng | ||
| 082 | _a001.42 | ||
| 100 |
_aSarker, Profulla C. _9116573 |
||
| 245 | 1 | 0 |
_aQualitative Research : _bin multidisciplinary perspective / _cProfulla C. Sarker |
| 260 |
_a Dhaka : _bCentre for Research, HRD and Publications, Prime University, _cc2014. |
||
| 300 |
_axiv, 223 p. : _bill. ; _c23 cm. |
||
| 504 | _aIncludes bibliographical references and index. | ||
| 650 |
_aSocial sciences _xResearch. _9116571 |
||
| 650 |
_aQualitative research. _9116572 |
||
| 942 |
_2ddc _cBK |
||
| 999 |
_c1669 _d1669 |
||